00464 2200181 4500001002100000005001500021035002000036245003500056100001600091300002200107260004000129082000800169084001400177020002200191650001400213008004100227990001400268INLIS00000000000205420260511025740 a0010-05260000071 aPsikologi Dasar /cEva Latipah0 aEva Latipah a258 hlm ;c24 cm. aBandung :bRemaja Rosdakarya,c2017 a150 a150 EVA p a978-979-692-715-9 4aPsikologi260511 0 ind  a201700263